000 01011nam a2200277 i 4500
003 DO-SdBNP
005 20231116095918.0
007 ta
008 230920e2023 dr ||||| d||| 00| 0 spa d
020 _a9789945183672
040 _aDO-SdBNP
_bspa
_cBNPHU
_erda
082 4 _222
_bM844g
100 1 _aMoreta Pérez, José Augusto,
_eautor
_984234
245 1 0 _aGlosario de localismos agropecuarios dominicanos /
_cJosé Augusto Moreta Pérez ; prólogo, Pedro Julio Jiménz Rojas.
264 1 _aSanto Domingo :
_beditora sin identificar ],
_c2023
300 _a76 páginas :
_bIlustraciones ; retratos
_c21 cm.
336 _2rdaccontent
_atexto
_btxt
337 _2rdamedia
_asin mediación
_bn
338 _2rdacarrier
_avolumen
_bnc
500 _aIncluye datos biográficos del autor en la contracubierta.
500 _aFoto de portada: Trapiche de Caña.
504 _aBibliografía: 75 - 76
590 _aInventariado 2023 / MF
700 1 _aJiménez Rojas, Pedro Julio,
_qautor
_984235
942 _2ddc
_cLBS1
999 _c54866
_d54866